header

Collaborative entrepreneurship (Record no. 107525)

MARC details
000 -LEADER
fixed length control field 01879nam a22003614a 4500
082 04 - DEWEY DECIMAL CLASSIFICATION NUMBER
Classification number 658.4/063
100 1# - MAIN ENTRY--AUTHOR NAME
Personal name Miles, Raymond E.
245 10 - TITLE STATEMENT
Title Collaborative entrepreneurship
260 ## - PUBLICATION, DISTRIBUTION, ETC. (IMPRINT)
Place of publication Stanford, Calif. :
Name of publisher Stanford Business Books,
Year of publication 2005.
300 ## - PHYSICAL DESCRIPTION
Number of Pages x, 132 p.
505 0# - FORMATTED CONTENTS NOTE
Formatted contents note OpWin global network -- The challenge of continuous innovation -- Organizing for continuous innovation -- Collaboration : the essential meta-capability -- The complete collaborative entrepreneurship model -- From vision to reality : case studies of multi-organizational collaboration -- Barriers to investing in multi-firm collaboration -- Getting past the barriers -- Conclusion.
650 #0 - SUBJECT ADDED ENTRY--TOPICAL TERM
Topical Term Strategic alliances (Business)
Topical Term Entrepreneurship.
Topical Term Technological innovations
Topical Term Corporations
700 1# - ADDED ENTRY--PERSONAL NAME
Personal name Miles, Grant.
Personal name Snow, Charles C.
856 40 - ELECTRONIC LOCATION AND ACCESS
Uniform Resource Identifier http://site.ebrary.com/lib/rucke/Doc?id=10110297

No items available.

© 2026 Rongo University
Contact us: librarian | system librarian | Rongo university